Score 0/18 Timer 05:00
4 Plays Today
Quote Who Said It? % Correct
'You know, I'm embarrassed. Do you know the website number? You know, I should have it in front of me, and I don't. I'm actually embarrassed.' ???
86%
'Would I rather be feared or loved? Easy. Both. I want people to be afraid of how much they love me'???
85.2%
'There's only three things he mentions in a sentence—a noun, a verb, and 9/11.'???
85%
'His mom lived in Long Island for ten years or so. God rest her soul. And—although, she's...wait...your mom's still...your mom's still alive. Your dad passed.' ???
82%
'Now, you may look around and see two groups here: white collar, blue collar. But I don’t see it that way, and you know why not? Because I am collar-blind.' ???
80.8%
'Abraham Lincoln once said, 'If you’re a racist, I will attack you with the North.' '???
77.5%
'Poor kids are just as bright and just as talented as white kids.'???
76.5%
'You know what they say. 'Fool me once, strike one. But fool me twice, strike three.''???
75.9%
'If we do everything right, if we do it with absolute certainty, there's still a 30% chance we're going to get it wrong.' ???
75.9%
Quote Who Said It? % Correct
'I've got to make sure that YouTube comes down to tape this.' ???
75.2%
'Wikipedia is the best thing ever. Anyone in the world can write anything they want about any subject. So you know you are getting the best possible information.'???
74.5%
'Pizza. Great equalizer. Rich people love pizza. Poor people love pizza. White people love pizza. Black people love pizza.' ???
73.4%
'I got tested for AIDS...There's no shame in being tested for AIDS. It's an important thing.'???
73%
'It's not unmanly to wear a condom'???
71.9%
'You all look dull as hell, I might add. The dullest audience I have ever spoken to. Just sitting there, staring at me. Pretend you like me!'???
69.1%
'You know what else is facing five Goliaths? America: Al-Qaeda. Global warming. Sex predators. Mercury poisoning.'???
59.4%
'I love babies. I think they are beautiful in all sorts of different ways. I try to pick up and hold a baby every day, if possible, because it nourishes me.' ???
59.3%
'You cannot go to a 7-11 or a Dunkin' Donuts unless you have a slight Indian accent.' ???
57.2%
Remove Ads.
Support Sporcle.
Get the best of Sporcle when you Go Orange. This ad-free experience offers more features, more stats, and more fun while also helping to support Sporcle. Thank you for becoming a member.

You're not logged in!

Compare scores with friends on all Sporcle quizzes.
OR
Log In

Sporcle TV

Today on Sporcle TV


Watch our educational content, quiz creation guides, and fun videos on Sporcle TV.

Show Comments

Extras

Top Quizzes Today


Score Distribution

Paid Content

Your Account Isn't Verified!

In order to create a playlist on Sporcle, you need to verify the email address you used during registration. Go to your Sporcle Settings to finish the process.

Report this User

Report this user for behavior that violates our Community Guidelines.

Details: